Detalles MARC
| 000 -ENCABEZADO |
| Número de control [NR] |
02462cam a2200349M 4500 |
| 005 - FECHA Y HORA DE LA ÚLTIMA TRANSACCIÓN |
| control field |
20211029093757.0 |
| 008 - DE LONGITUD FIJA DE DATOS DE ELEMENTOS - INFORMACIÓN GENERAL |
| Elementos de longitud fija [NR] |
151111s2005 sp a fr 001 0 spa d |
| 020 ## - NUMERO INTERNACIONAL NORMALIZADO PARA LIBROS [R] |
| Número Internacional Normalizado del libro [NR] |
8478694730 |
| 020 ## - NUMERO INTERNACIONAL NORMALIZADO PARA LIBROS [R] |
| Número Internacional Normalizado del libro [NR] |
9788478694730 |
| 035 ## - NUMERO DE CONTROL DEL SISTEMA [R] |
| Número de control del sistema [NR] |
(OCoLC)433424711 |
| 040 ## - FUENTE DE CATALOGACION [NR] |
| Agencia de catalogación original [NR] |
Co-BoUCM |
| Idioma de catalogación [NR] |
spa |
| Quien Cataloga |
Saul Niño |
| Quien Clasifica |
Saul Niño |
| 041 1# - CODIGO DE IDIOMA [R] |
| Código de idioma para texto/pista de sonido o título separado [R] |
Español |
| Language code of original and/or intermediate translations of text |
eng |
| 060 ## - SIGNATURA TOPOGRAFICA DE LA BIBLIOTECA NACIONAL DE MEDICINA (NLM) [R] |
| Número clasificador [R] |
WS 107 |
| 100 1# - ASIENTO PRINCIPAL--NOMBRE PERSONAL [NR] |
| Nombre personal [NR] |
Buckley, Sue |
| ID Autoridad |
73461 |
| 245 10 - MENCION DE TITULO [NR] |
| Título [NR] |
Habla, lenguaje y comunicación en alumnos con síndrome de down |
| Mención de responsabilidad, etc. [NR] |
Sue Buckley y Gillian Bird ; Juan Perera (director de la traducción, adaptación y edición española) |
| Parte restante del título [NR] |
recursos y actividades para padres y profesores |
| 260 ## - PUBLICACION, DISTRIBUCION, ETC. (PIE DE IMPRENTA) [R] |
| Lugar de publicación, distribución, etc. [R] |
Madrid (España) |
| Nombre del editor, distribuidor, etc. [R] |
Ciencias de la Educación Preescolar y Especial |
| Fecha de publicación, distribución, etc. [R] |
2005 |
| 300 ## - DESCRIPCION FISICA [R] |
| Extensión [R] |
10 volúmenes |
| Otros detalles físicos [NR] |
ilustraciones |
| 490 0# - MENCION DE SERIE [R] |
| Mención de serie [R] |
Sindrome de down, recursos y actividades. Habla y lenguaje |
| ISBN [NR] |
3 |
| 500 ## - NOTA GENERAL [R] |
| Nota general [NR] |
Es una publicación educativa sobre el sindrome de down |
| 504 ## - NOTA DE BIBLIOGRAFIA, ETC. [R] |
| Nota de bibliografía, etc. [NR] |
Incluye referencias bibliográficas e índices |
| 505 1# - NOTA DE CONTENIDO CON FORMATO PREESTABLECIDO [R] |
| Nota de contenido con formato preestablecido [NR] |
[Volumen 1]. módulo 1. Habla, lenguaje y comunicación en alumnos con síndrome de Down : una visión de conjunto (46 páginas.) [Volumen 2]. módulo 2. Desarrollo del habla y lenguaje en niños con síndrome : de 0 a 5 años (54 páginas.) [Volumen 3]. módulo 3. Desarrollo del habla y lenguaje en niños con síndrome de Down : de 5 a 11 años (46 páginas.) [Volumen 4]. módulo 4. Desarrollo del habla y lenguaje en niños con síndrome de Down : de 11 a 16 años (56 páginas.). Listados de vocabulario y de registro del progreso. [Volumen 5] Listado 1.--Listados de vocabulario y de registro del progreso. [Volumen 6] Listado 2.--Listados de vocabulario y de registro del progreso. [Volumen 7] Listado 3.--Listados de sonidos del habla y de registro del progreso. [Volumen 8].--Listados de de frases, gramática y registro del progreso. [Volumen 9].--Listados de comunicación interactiva, juego y registro del progreso. [Volumen 10] |
| 650 #7 - ASIENTO SECUNDARIO DE MATERIA - TERMINO TEMATICO [R] |
| Término temático o nombre geográfico como elemento de entrada [NR] |
Síndrome de Down |
| Subdivisión general [R] |
Educación |
| Fuente del encabezamiento o término [NR] |
embne |
| 9 (RLIN) |
24458 |
| 650 #7 - ASIENTO SECUNDARIO DE MATERIA - TERMINO TEMATICO [R] |
| Término temático o nombre geográfico como elemento de entrada [NR] |
Síndrome de Down |
| Subdivisión general [R] |
Lenguaje |
| Fuente del encabezamiento o término [NR] |
embne |
| 9 (RLIN) |
24458 |
| 650 #7 - ASIENTO SECUNDARIO DE MATERIA - TERMINO TEMATICO [R] |
| Término temático o nombre geográfico como elemento de entrada [NR] |
Educación de niños con discapacidades mentales |
| 9 (RLIN) |
13803 |
| 650 #7 - ASIENTO SECUNDARIO DE MATERIA - TERMINO TEMATICO [R] |
| Término temático o nombre geográfico como elemento de entrada [NR] |
Educación especial |
| Subdivisión general [R] |
Niños |
| -- |
Terapia |
| 9 (RLIN) |
13824 |
| 650 #7 - ASIENTO SECUNDARIO DE MATERIA - TERMINO TEMATICO [R] |
| Término temático o nombre geográfico como elemento de entrada [NR] |
Educación especial |
| Subdivisión general [R] |
jovenes |
| -- |
Terapia |
| 9 (RLIN) |
13824 |
| 690 ## - ASUNTO AGREGADO LOCAL DE ENTRADA - TÉRMINO TEMÁTICO (OCLC, RLIN) |
| Acceso temático local |
Teoría de la educación |
| 9 (RLIN) |
25273 |
| 700 1# - ASIENTO SECUNDARIO - NOMBRE PERSONAL [R] |
| Nombre personal [NR] |
Bird, Gillian |
| 9 (RLIN) |
73462 |
| 710 2# - ASIENTO SECUNDARIO - NOMBRE CORPORATIVO [R] |
| Nombre corporativo o de jurisdicción como elemento de entrada [NR] |
Asnimo |
| Término de relación [R] |
traductor |
| 9 (RLIN) |
73477 |
| 765 ## - ASIENTO DE IDIOMA ORIGINAL [R] |
| Asiento principal [NR] |
Down Syndrome issues and information |
| 942 ## - ELEMENTOS DE ENTRADA AGREGADOS (KOHA) |
| Sistema de clasificación |
NLM |
| Tema principal |
Generalidades |
| Tipo de ítem principal el descrito en 300a |
Libro |
| Edición |
1 |
| Clasificación |
WS 107 |
| Parte restante de la signatura top. |
B924ha |
| Título oculto en OPAC |
No |